|
|
|
|
| LEADER |
01117nam a22002657a 4500 |
| 001 |
6970 |
| 003 |
BD-DhAAL |
| 005 |
20190106145504.0 |
| 008 |
190106t1993 th a b 000 0 eng d |
| 999 |
|
|
|c 40374
|d 40374
|
| 040 |
|
|
|a BD-DhAAL
|
| 082 |
|
|
|a 338.1731809593
|
| 100 |
|
|
|a Rahman, Sanzidur
|9 29451
|
| 245 |
|
|
|a Joint determination of demand for inputs and choice of rice varieties :
|b a meta-production function approach /
|c Sanzidur Rahman, Songsak Sriboonchitta, Aree Wiboonpongse
|
| 260 |
|
|
|a Chiang Mai, Thailand :
|b Multiple Cropping Centre, Faculty of Agriculture, Chiang Mai University,
|c c1993
|
| 300 |
|
|
|a xv, 118 pages :
|b illustrations ;
|c 30 cm
|
| 500 |
|
|
|a "July 1993."
|
| 541 |
|
|
|a BRAC
|e 6970
|
| 650 |
|
|
|a Rice
|z Thailand
|9 29452
|
| 650 |
|
|
|a Rice
|x Economic aspects
|z Thailand
|9 29453
|
| 700 |
|
|
|a Sriboonchitta, Songsak
|9 29454
|
| 700 |
|
|
|a Wiboonpongse, Aree
|9 29455
|
| 852 |
|
|
|a Ayesha Abed Library
|c General Stacks
|
| 942 |
|
|
|2 ddc
|c BK
|
| 952 |
|
|
|0 0
|1 0
|2 ddc
|4 0
|6 338_173180959300000_RAH
|7 0
|9 64889
|a BRACUL
|b BRACUL
|c GEN
|d 2019-01-06
|e BRAC
|l 0
|o 338.1731809593 RAH
|p 3010006970
|r 2019-01-06
|t 1
|w 2019-01-06
|y BK
|